000 01105nam a2200289 a 4500
001 3496666
003 OSt
005 20110908100121.0
008 940722s1957 ug a f000 0 eng
010 _a 94186776
040 _aDLC
_cDLC
043 _af-ug---
050 0 0 _aHD984.Z7
_bL36 1957
245 0 0 _aLand tenure in Uganda /
_c[edited by the Ministry of Land Tenure].
260 _aEntebbe, Uganda :
_bGovt. Printer,
_c1957.
300 _a30 p. :
_bill. ;
_c25 cm.
500 _aCover title.
650 0 _aLand tenure
_zUganda.
_91449
650 0 _aLand tenure
_xLaw and legislation
_zUganda.
_91450
650 0 _aLandlord and tenant
_zUganda.
_91451
710 1 _aUganda Protectorate.
_bMinistry of Land Tenure.
_91452
906 _a7
_bcbc
_corignew
_d2
_encip
_f19
_gy-gencatlg
942 _2ddc
_cBK
999 _c486
_d486